000 00335nam a2200133Ia 4500
008 190216s9999||||xx |||||||||||||| ||und||
100 _aWells A F
245 0 _aStructural Inorganic Chemistry
250 _a4th Ed.
260 _bThe English Language Book Society
_c1975
300 _a1095
650 _aChemistry-Chemistry
942 _cBK
999 _c2468
_d2468